Statistics for People by Clue #3

Click here to take the quiz!

General Stats

  • This quiz has been taken 22,898 times
  • The average score is 12 of 21

Answer Stats

CluesPerson% Correct
Rhinoplasty, One Glove, NeverlandMichael Jackson
96%
Left the Building, Rhinestones,
PB and Banana Sandwich
Elvis Presley
76%
Truthful Hips, Colombia, Waka WakaShakira
75%
Rope-a-Dope, Louisville Lip, CassiusMuhammad Ali
74%
Had Crazy Hair, Left Nazi Germany,
God Doesn't Play Dice
Albert Einstein
71%
Loincloth, Non-Violence, Salt MarchMohandas Gandhi
68%
Had a Scar, Alcatraz, Tax EvasionAl Capone
67%
Third-World Adoption, Voight,
Homewrecker
Angelina Jolie
66%
Jelly Donut, Marilyn Monroe, CamelotJohn F. Kennedy
63%
Prison Visitor, Man in Black,
Portrayed by Joaquin
Johnny Cash
60%
Brother of Raul, Exploding Cigar,
Amateur Baseball Player
Fidel Castro
55%
Landmines, Paparazzi, SpencerPrincess Diana
52%
Carried Hemophilia, Long Reign,
Was Not Amused
Queen Victoria
51%
Frequent Cameos, Rear Window,
Famous Silhouette
Alfred Hitchcock
50%
Hanoi, Workout Tapes, Ted TurnerJane Fonda
50%
Menlo Park, Many Patents,
More Perspiration than Inspiration
Thomas Edison
49%
Carmen Electra, The Worm,
Friends with Kim Jong-un
Dennis Rodman
48%
ANC, Robben Island, ReconciliationNelson Mandela
48%
Blue Ivy, The Blueprint, Roc-a-FellaJay-Z
46%
Jupiter's Moons, Battled Pope, PisaGalileo
44%
Paul Allen, Harvard Drop Out,
Polio Eradication
Bill Gates
33%

Score Distribution

Percentile by Number Answered

Percent of People with Each Score

Your Score History

You have not taken this quiz